People and Places - Statistics

General Stats
  • This quiz has been taken 39 times
  • The average score is 19 of 28
Answer Stats
Hint Answer % Correct
Greek goddess of wisdom / A European capital Athena
91%
Athens
91%
Colombia
86%
Romania / Rome
86%
A race of female warriors in Greek mythology / A rain forrest in Brazil Amazon
83%
Amazon
83%
Italian explorer and colonizer / A country in S. America Christopher Columbus
83%
In Roman mythology, the twin brother of Remus / A European country and capital Romulus
83%
King of the ancient Greek kingdom of Macedon / Mediterranean port city in Egypt Alexander the Great
77%
Alexandria
77%
British explorer / Islands in the South Pacific, with political links to New Zealand Captain Cook
77%
Cook Islands
74%
Bolivia
69%
A Venezuelan military leader known as El Liberator / A S. American country Simon Bolivar
69%
The father, the Son and the Holy Ghost / A Caribbean country The Holy Trinity
69%
Trinidad
69%
America
63%
The 5th U.S. president / An African capital James Monroe
63%
Monrovia
60%
In Greek mythology he eloped with Helen of Troy / A European capital Paris
60%
Paris
60%
Philippines
60%
Florentine merchant, explorer, and navigator / Two continents and a country in the western hemisphere Amerigo Vespucci
57%
El Salvador
57%
King of Spain and Portugal from 1581-1598 / An archipelagic country in Southeast Asia King Philip II of Spain
49%
First-century Jewish preacher and religious leader / The smallest country in C. America Jesus
37%
In Gnosticism, one of the feminine aspects of God / A European capital Sofia
31%
Sofia
31%
No matching quizzes found
Score Distribution
Percent of People with Each Score
Percentile by Number Answered
Your Score History
You have not taken this quiz